000
00352nam a2200145Ia 4500
008
151213s9999 xx 000 0 und d
020
_a
81-203-1369-0
245
_a
Corporate Finance & Investment
250
_a
2nd
260
_a
New Delhi
_b
Prentic Hall of India
_c
2006
300
_a
9268 p.
650
_a
Finance
650
_a
Finance
999
_c
4734
_d
4734